000 00959cab a2200253 4500
001 ABS55814
008 090401t1996 xxu||||| |||| 00| 0 eng d
035 _a(Sirsi) u18944
041 _aeng
100 _aRobinson, R.
245 _aBreak clauses - a problem area for both insured and insurers
260 _c1996
350 _a0
490 _aProperty Journal
_v21(8) September 1996, 10-12(3)
520 _aDiscusses Casualty or Insurance break clauses which come into effect following damage by fire or other insurable perils. Problems can arise when the lease has a long time to run, the passing rent exceeds the market rent, the break clause has been badly drafted and a replacement tenant would be hard to find.
650 _aBREAK CLAUSES
650 _aCASUALTY BREAK CLAUSES
650 _aINSURANCE BREAK CLAUSES
650 _aLONG LEASES
650 _aPASSING RENTS
690 _aInsurance
_96249
942 _n0
948 _c04/03/1997
999 _c12603
_d12603